Foundation and earth / (Record no. 16989)
[ view plain ]
| 000 -LEADER | |
|---|---|
| fixed length control field | 00840cam a2200277 a 4500 |
| 001 - CONTROL NUMBER | |
| control field | 16989 |
| 003 - CONTROL NUMBER IDENTIFIER | |
| rucl marc code | BD-RjUL |
| 005 - DATE AND TIME OF LATEST TRANSACTION | |
| control field | 20211209000055.0 |
| 008 - FIXED-LENGTH DATA ELEMENTS--GENERAL INFORMATION | |
| fixed length control field | 140216s1986 enk 000 1 eng |
| 020 ## - INTERNATIONAL STANDARD BOOK NUMBER | |
| International Standard Book Number | 0246130474 : |
| 035 ## - SYSTEM CONTROL NUMBER | |
| System control number | (BD-RjUL)17046 |
| 040 ## - CATALOGING SOURCE | |
| Original cataloging agency | DLC |
| Transcribing agency | DLC |
| Modifying agency | DLC |
| -- | OCoLC |
| -- | DLC |
| -- | BD-RjUL |
| Language of cataloging | eng |
| 041 ## - LANGUAGE CODE | |
| Language code of text/sound track or separate title | eng |
| 082 00 - DEWEY DECIMAL CLASSIFICATION NUMBER | |
| Classification number | 813.54 |
| Edition number | 19 |
| Author mark and year | ASF 1986 |
| 100 1# - MAIN ENTRY--PERSONAL NAME | |
| Personal name | Asimov, Isaac, |
| Dates associated with a name | 1920-1992. |
| 9 (RLIN) | 21148 |
| 245 10 - TITLE STATEMENT | |
| Title | Foundation and earth / |
| Statement of responsibility, etc. | Issac Asimov. |
| 260 ## - PUBLICATION, DISTRIBUTION, ETC. (IMPRINT) | |
| Place of publication, distribution, etc. | London : |
| Name of publisher, distributor, etc. | Grafton Books, |
| Date of publication, distribution, etc. | 1986. |
| 300 ## - PHYSICAL DESCRIPTION | |
| Pagination | 462 p. ; |
| Size | 24 cm. |
| 650 #0 - SUBJECT ADDED ENTRY--TOPICAL TERM | |
| Topical term or geographic name as entry element | Seldon, Hari (Fictitious character) |
| Form subdivision | Fiction. |
| 9 (RLIN) | 52421 |
| Topical term or geographic name as entry element | Life on other planets |
| Form subdivision | Fiction. |
| 9 (RLIN) | 52422 |
| Topical term or geographic name as entry element | Psychohistory |
| Form subdivision | Fiction. |
| 9 (RLIN) | 52423 |
| 942 ## - ADDED ENTRY ELEMENTS (KOHA) | |
| Source of classification or shelving scheme | Dewey Decimal Classification |
| Koha item type | Books |
| Lost status | Source of classification or shelving scheme | Damaged status | Not for loan | Collection code | Permanent Location | Current Location | Shelving location | Date acquired | Source of acquisition | Total Checkouts | Full call number | Date last seen | Copy number | Koha item type |
|---|---|---|---|---|---|---|---|---|---|---|---|---|---|---|
| Dewey Decimal Classification | Not For Loan | Non-fiction | Central Library, University of Rajshahi | Central Library, University of Rajshahi | Reading Room | 28/12/1988 | Asia foundation | 813.54 ASF 1986 | 16/02/2014 | C-1 | Books |